| 000 | 00967cam a2200277 4500 | ||
|---|---|---|---|
| 008 | 090401t1998 xxu||||| |||| 00| 0 eng d | ||
| 020 | _a0632042435 | ||
| 035 | _a(Sirsi) u87579 | ||
| 041 | _aeng | ||
| 050 | _a658.99 | ||
| 245 | _aManaging risk in construction projects. | ||
| 260 |
_aOxford _bBlackwell Science _c1998 |
||
| 300 | _axv,232p. ; 24cm. | ||
| 350 | _a27.95 | ||
| 520 | _aThis book offers practical guidance for anyone faced with the problems of project risk management in practice. Includes a description of risk making and decision making, the tools and techniques available and the practical application of risk analysis. | ||
| 650 | _aCONSTRUCTION PROJECTS | ||
| 650 | _aRISK ALLOCATION | ||
| 650 | _aRISK ASSESSMENT | ||
| 650 | _aRISK MANAGEMENT | ||
| 690 |
_aProject management _96261 |
||
| 700 |
_aSmith, N.J. _xEditor |
||
| 700 |
_aMerna, Tony _xEditor |
||
| 700 |
_aJobling, Paul _xEditor |
||
| 942 | _n0 | ||
| 948 | _c23/07/1998 | ||
| 999 |
_c97251 _d97251 |
||